|
|
|
|
| LEADER |
01586nam a2200289 a 4500 |
| 001 |
673037 |
| 008 |
120325s1996 ctu b 001 0 eng |
| 010 |
|
|
|a 95041388
|
| 020 |
|
|
|a 0899309119 (alk. paper)
|
| 040 |
|
|
|a DLC
|c DLC
|d DLC
|d BD-DhAAL
|
| 050 |
0 |
0 |
|a HF5549.5.M3
|b D83 1996
|
| 082 |
0 |
0 |
|a 658.3/01
|2 20
|
| 100 |
1 |
|
|a Duane, Michael John.
|
| 245 |
1 |
0 |
|a Customized human resource planning :
|b different practices for different organizations /
|c Michael J. Duane.
|
| 260 |
|
|
|a Westport, Conn. ;
|a London :
|b Quorum,
|c 1996.
|
| 300 |
|
|
|a x, 163 p. ;
|c 22 cm.
|
| 504 |
|
|
|a Includes bibliographical references (p. [145]-155) and indexes.
|
| 541 |
|
|
|e 00024826
|
| 650 |
|
0 |
|a Manpower planning.
|
| 650 |
|
0 |
|a Employment forecasting.
|
| 650 |
|
0 |
|a Employees
|x Recruiting.
|
| 852 |
1 |
|
|a Ayesha Abed Library
|c General shelf.
|
| 999 |
|
|
|c 12043
|d 12043
|
| 952 |
|
|
|0 0
|1 0
|2 ddc
|4 0
|6 658_301000000000000_DUA
|7 0
|9 19830
|a BRACUL
|b BRACUL
|c GEN
|d 2012-03-24
|e karim International
|g 8030.00
|l 1
|o 658.301 DUA
|p 3010024826
|r 2012-05-19
|s 2012-05-16
|t 1
|w 2012-03-27
|y BK
|
| 952 |
|
|
|0 0
|1 0
|2 ddc
|4 0
|6 658_301000000000000_DUA
|7 0
|9 19831
|a BRACUL
|b BRACUL
|c GEN
|d 2012-03-24
|e karim International
|g 8030.00
|l 0
|o 658.301 DUA
|p 3010024827
|r 2012-03-27
|t 2
|w 2012-03-27
|y BK
|
| 952 |
|
|
|0 0
|1 0
|2 ddc
|4 0
|6 658_301000000000000_DUA
|7 0
|9 19832
|a BRACUL
|b BRACUL
|c GEN
|d 2012-03-24
|e karim International
|g 8030.00
|l 0
|o 658.301 DUA
|p 3010024828
|r 2012-03-27
|t 3
|w 2012-03-27
|y BK
|
| 952 |
|
|
|0 0
|1 0
|2 ddc
|4 0
|6 658_301000000000000_DUA
|7 0
|9 19833
|a BRACUL
|b BRACUL
|c GEN
|d 2012-03-24
|e karim International
|g 8030.00
|l 0
|o 658.301 DUA
|p 3010024829
|r 2012-03-27
|t 4
|w 2012-03-27
|y BK
|